[Event "Campionatul National individual  de sen"]
[Site "Olanesti"]
[Date "2013.02.19"]
[Round "5.33"]
[White "Patrascu, Catalin  Lucian"]
[Black "Giurumia, Sorin"]
[Result "1-0"]
[WhiteElo "1937"]
[BlackElo "2124"]
[PlyCount "121"]
[EventDate "2013.02.16"]
[EventRounds "9"]

1. e4 c5 2. Nf3 d6 3. d4 cxd4 4. Nxd4 Nf6 5. Nc3 a6 6. Bg5 e6 7. f4 Be7 8. Qf3
h6 9. Bh4 Qc7 10. Qg3 g5 11. fxg5 Rg8 12. Qf3 hxg5 13. Bg3 Nbd7 14. O-O-O Ne5
15. Qe3 Nh5 16. Kb1 Nxg3 17. Qxg3 Bd7 18. h4 O-O-O 19. Nf5 Bf8 20. Ne3 Bc6 21.
h5 Be7 22. Be2 Kb8 23. Qh3 b5 24. a3 Rc8 25. g4 Qb6 26. Rd2 Bb7 27. Ned1 Nc4
28. Bxc4 Rxc4 29. Qe3 Qc7 30. Rf1 f6 31. Rff2 Rc5 32. Qd3 Re5 33. Rfe2 Rd8 34.
Qf3 Rc5 35. Qe3 Rf8 36. Re1 Rc4 37. Ree2 Qc6 38. Re1 a5 39. Nd5 Bd8 40. N5c3
Bb6 41. Qg3 Bd4 42. Qh3 Be5 43. Rde2 Ba6 44. h6 Rh8 45. Qh5 b4 46. axb4 axb4
47. Na2 b3 48. cxb3 Rd4 49. Re3 Bd3+ 50. Ka1 Qc2 51. Ndc3 Qxb3 52. Qf7 Bc4 53.
h7 Rd2 54. Qg8+ Kc7 55. Nd5+ exd5 56. Rxb3 Bxb3 57. Rc1+ Bc4 58. Nc3 f5 59.
Nxd5+ Rxd5 60. Qxd5 Rxh7 61. Rxc4+ 1-0

[Event "Campionatul National individual  de sen"]
[Site "Olanesti"]
[Date "2013.02.21"]
[Round "7.21"]
[White "Patrascu, Catalin  Lucian"]
[Black "Daianu, Cristian Clement"]
[Result "1/2-1/2"]
[WhiteElo "1937"]
[BlackElo "2283"]
[PlyCount "58"]
[EventDate "2013.02.16"]
[EventRounds "9"]

1. e4 c5 2. Nf3 d6 3. d4 cxd4 4. Nxd4 Nf6 5. Nc3 a6 6. Bg5 e6 7. f4 Be7 8. Qf3
Qc7 9. O-O-O Nbd7 10. Be2 h6 11. h4 b5 12. Bxf6 Nxf6 13. g4 b4 14. Nb1 Bb7 15.
Bd3 d5 16. e5 Ne4 17. Nd2 Nc5 18. Kb1 O-O-O 19. N2b3 Kb8 20. g5 Qb6 21. g6 f5
22. exf6 Bxf6 23. Nxc5 Qxc5 24. Nxe6 Qb6 25. f5 Rd6 26. Rhf1 Ka8 27. Qf2 Qc6
28. Qf4 Qb6 29. Qf2 Qc6 1/2-1/2

[Event "Campionatul National individual  de sen"]
[Site "Olanesti"]
[Date "2013.02.21"]
[Round "8.24"]
[White "Vasile, Claudiu Daniel"]
[Black "Patrascu, Catalin  Lucian"]
[Result "1/2-1/2"]
[WhiteElo "2145"]
[BlackElo "1937"]
[PlyCount "99"]
[EventDate "2013.02.16"]
[EventRounds "9"]

1. e4 c5 2. Nf3 d6 3. d4 cxd4 4. Nxd4 Nf6 5. Nc3 a6 6. Bg5 e6 7. f4 Be7 8. Qf3
Qc7 9. O-O-O h6 10. Bh4 Nbd7 11. Bd3 Rg8 12. Rhe1 g5 13. fxg5 hxg5 14. Bg3 Ne5
15. Qf2 Bd7 16. Kb1 Nh5 17. Rf1 Nxg3 18. Qxg3 O-O-O 19. Nf5 Bf8 20. Ne3 Bc6 21.
h4 Kb8 22. Be2 Be7 23. h5 b5 24. a3 Rc8 25. Ng4 Nxg4 26. Bxg4 Rg7 27. Qd3 Rh8
28. Qd4 Rhh7 29. Rd3 Qa7 30. Qxa7+ Kxa7 31. Rd2 Rh6 32. Rdf2 Be8 33. Ne2 Kb6
34. Nd4 Kc7 35. Rf3 Kb6 36. b4 Kc7 37. Rc3+ Kb7 38. Rcf3 Kc7 39. c3 Bd8 40. Kb2
Kd7 41. Nc2 Ke7 42. Kb3 Bc6 43. Re3 Rf6 44. Rxf6 Kxf6 45. Nd4 Bb7 46. g3 Rh7
47. Re1 Bb6 48. a4 bxa4+ 49. Kxa4 Rh8 50. Bf3 1/2-1/2

[Event "Campionatul National individual  de sen"]
[Site "Olanesti"]
[Date "2013.02.22"]
[Round "9.22"]
[White "Patrascu, Catalin  Lucian"]
[Black "Stegariu, Vlad-Ionut"]
[Result "0-1"]
[WhiteElo "1937"]
[BlackElo "2201"]
[PlyCount "94"]
[EventDate "2013.02.16"]
[EventRounds "9"]

1. e4 c5 2. Nf3 e6 3. d4 cxd4 4. Nxd4 a6 5. c4 Nf6 6. Nc3 Qc7 7. f3 b6 8. Be2
Bb7 9. Be3 Bd6 10. Qd2 Be7 11. Rc1 d6 12. O-O Nbd7 13. b3 Rc8 14. Rfd1 h5 15.
Bf1 h4 16. h3 Qb8 17. Nc2 Ne5 18. Qd4 Nc6 19. Qd2 Ba8 20. Na4 Nd7 21. Nb4 Qa7
22. Nd5 Bd8 23. Nb4 Bc7 24. Nxc6 Bxc6 25. Nc3 Qb8 26. Qd4 f6 27. Qd2 Kf7 28.
Be2 g5 29. Rf1 Ne5 30. Rf2 Ng6 31. Rcf1 Nf4 32. Bd3 b5 33. Ne2 bxc4 34. Bxc4 d5
35. Bxa6 Rcd8 36. Qc2 Qa8 37. Rc1 Qxa6 38. Nxf4 gxf4 39. Qxc6 Qxc6 40. Rxc6
fxe3 41. Rxc7+ Kg6 42. Rb2 d4 43. Kf1 d3 44. Rb1 Rc8 45. Rbc1 Rxc7 46. Rxc7 Rd8
47. Rc1 e2+ 0-1

[Event "Campionatul National pe Echipe Pentru C"]
[Site "?"]
[Date "2013.07.16"]
[Round "?"]
[White "Patrascu, Catalin  Lucian"]
[Black "Flueras, Robert-Lucian"]
[Result "1-0"]
[WhiteElo "1966"]
[BlackElo "1219"]
[PlyCount "81"]
[EventDate "2013.??.??"]

1. e4 c5 2. Nf3 d6 3. d4 cxd4 4. Nxd4 Nf6 5. Nc3 g6 6. Be3 Bg7 7. Bc4 O-O 8. f3
Nc6 9. Bb3 Bd7 10. Qd2 Rc8 11. O-O-O Ne5 12. Bh6 Nc4 13. Bxc4 Rxc4 14. Bxg7
Kxg7 15. h4 h5 16. Rdg1 Rh8 17. Nd5 a6 18. Nxf6 exf6 19. Rd1 Qc7 20. Kb1 Qb6
21. Nb3 Rc6 22. Na5 Rc5 23. Qxd6 Qxa5 24. Qxd7 Rb5 25. Rd5 Rxd5 26. Qxd5 Qxd5
27. exd5 b5 28. c3 Rd8 29. Rd1 g5 30. g3 Kf8 31. b3 Ke7 32. Kc2 Kd6 33. c4 Kc5
34. Kc3 Re8 35. b4+ Kd6 36. c5+ Kd7 37. Kd4 Re2 38. d6 Rg2 39. Kd5 Rxg3 40. c6+
Kd8 41. c7+ 1-0

[Event "Campionatul National pe Echipe Pentru C"]
[Site "?"]
[Date "2013.07.16"]
[Round "?"]
[White "Tiron, Calin-Andrei"]
[Black "Patrascu, Catalin  Lucian"]
[Result "0-1"]
[WhiteElo "1922"]
[BlackElo "1966"]
[PlyCount "73"]
[EventDate "2013.??.??"]

1. e4 c5 2. Nc3 Nc6 3. Bb5 Nd4 4. Bc4 e6 5. Nge2 Nf6 6. O-O a6 7. d3 b5 8. Bb3
Nxb3 9. axb3 Bb7 10. e5 Nd5 11. Ne4 d6 12. exd6 Bxd6 13. Nxd6+ Qxd6 14. Ng3 Nf6
15. Qe2 O-O-O 16. Be3 h5 17. f3 h4 18. Ne4 Nxe4 19. fxe4 f6 20. Qf2 Rh5 21. Bf4
Qd4 22. Be3 Qd6 23. Qf3 Rhh8 24. Qg4 h3 25. g3 f5 26. exf5 Qd5 27. Qe4 Qxe4 28.
dxe4 Bxe4 29. fxe6 Rhe8 30. Rxa6 Kb7 31. Rfa1 Bxc2 32. Bxc5 Rd1+ 33. Rxd1 Bxd1
34. Ra1 Bxb3 35. e7 Kc6 36. Bb4 Kd7 37. Re1 0-1

[Event "Campionatul National pe Echipe Pentru C"]
[Site "?"]
[Date "2013.07.17"]
[Round "?"]
[White "Acsinte, Matei-Ionut"]
[Black "Patrascu, Catalin  Lucian"]
[Result "1/2-1/2"]
[WhiteElo "2063"]
[BlackElo "1966"]
[PlyCount "37"]
[EventDate "2013.??.??"]

1. d4 d5 2. c4 c6 3. Nc3 Nf6 4. Nf3 e6 5. Bg5 dxc4 6. e4 b5 7. e5 h6 8. Bh4 g5
9. Nxg5 hxg5 10. Bxg5 Be7 11. exf6 Bxf6 12. Bxf6 Qxf6 13. g3 Bb7 14. Bg2 Na6
15. Nxb5 O-O-O 16. Qa4 cxb5 17. Bxb7+ Kxb7 18. Qxb5+ Ka8 19. Qxa6 1/2-1/2

[Event "Campionatul National pe Echipe Pentru C"]
[Site "?"]
[Date "2013.07.18"]
[Round "?"]
[White "Patrascu, Catalin  Lucian"]
[Black "Comsa, Razvan Lucian"]
[Result "1-0"]
[WhiteElo "1966"]
[BlackElo "1660"]
[PlyCount "69"]
[EventDate "2013.??.??"]

1. e4 e6 2. d4 d5 3. Nc3 Bb4 4. Nge2 dxe4 5. a3 Bxc3+ 6. Nxc3 Nf6 7. Bg5 c6 8.
Nxe4 Qa5+ 9. b4 Qd5 10. Nxf6+ gxf6 11. Bxf6 Rg8 12. Be5 Nd7 13. Bg3 Qe4+ 14.
Be2 Qxg2 15. Bf3 Qh3 16. Qd3 Qh6 17. Qd2 Qf6 18. Be4 h5 19. O-O-O Qg5 20. Bf4
Qh4 21. Rhg1 Rg4 22. Bg5 Qh3 23. f3 Rxg1 24. Rxg1 f5 25. Qf4 e5 26. Qxf5 Qxf5
27. Bxf5 Nb6 28. Bg6+ Kf8 29. dxe5 Nc4 30. f4 Bg4 31. Re1 Kg7 32. Bd3 Nb6 33.
f5 Rf8 34. e6 Nc8 35. e7 1-0

[Event "Campionatul National pe Echipe Pentru C"]
[Site "?"]
[Date "2013.07.18"]
[Round "?"]
[White "Sandu, Marian-Catalin"]
[Black "Patrascu, Catalin  Lucian"]
[Result "0-1"]
[WhiteElo "1828"]
[BlackElo "1966"]
[PlyCount "64"]
[EventDate "2013.??.??"]

1. d4 d5 2. c4 c6 3. Nc3 Nf6 4. Bg5 dxc4 5. e4 b5 6. e5 Nd5 7. Nf3 h6 8. Bd2
Nxc3 9. Bxc3 e6 10. Be2 c5 11. O-O Bb7 12. a3 Nd7 13. b3 b4 14. Be1 c3 15. dxc5
a5 16. Bb5 Bxc5 17. Qd3 Bd5 18. axb4 axb4 19. Rxa8 Bxa8 20. Nd4 O-O 21. Nxe6
fxe6 22. Bxd7 Bd5 23. Ba4 Qg5 24. Qg3 Qxg3 25. hxg3 Rd8 26. Kh2 Be4 27. f3 c2
28. fxe4 c1=Q 29. Bxb4 Qxf1 30. Bxc5 Rd1 31. Kh3 h5 32. Kh4 Qe2 0-1

[Event "Campionatul National pe Echipe Pentru C"]
[Site "?"]
[Date "2013.07.19"]
[Round "?"]
[White "Patrascu, Catalin  Lucian"]
[Black "Craciun, Constantin-Bogdan"]
[Result "1-0"]
[WhiteElo "1966"]
[BlackElo "1588"]
[PlyCount "97"]
[EventDate "2013.??.??"]

1. e4 e5 2. Nf3 Nf6 3. Bc4 Nc6 4. d4 d6 5. Ng5 d5 6. exd5 Nxd4 7. d6 Ne6 8.
Nxe6 Bxe6 9. Bxe6 fxe6 10. dxc7 Qxc7 11. O-O Bd6 12. Nc3 a6 13. Qe2 O-O 14. Be3
Nd5 15. Ne4 Nxe3 16. Qxe3 Be7 17. c3 Rf4 18. Rad1 Raf8 19. Rd2 Qc6 20. Re2 Qe8
21. Qb6 Qg6 22. Nc5 Bxc5 23. Qxc5 e4 24. Qe3 Rg4 25. g3 Rf3 26. Qc5 h5 27. Rd1
Rd3 28. Rxd3 exd3 29. Rd2 h4 30. Qe3 Re4 31. Qxd3 hxg3 32. hxg3 Re1+ 33. Kg2
Qh5 34. Qd8+ Kh7 35. Qh4 Qxh4 36. gxh4 Re4 37. Kg3 Re5 38. Rd7 Rb5 39. b3 Rc5
40. c4 b5 41. Rd4 e5 42. Rd5 Rxd5 43. cxd5 Kg6 44. Kg4 b4 45. h5+ Kf6 46. d6
Ke6 47. Kg5 Kxd6 48. Kg6 Kd5 49. Kxg7 1-0

[Event "CNJ Echipe  2012 - O14"]
[Site "Constanta-Mamaia"]
[Date "2012.09.03"]
[Round "1.1"]
[White "Dolana, Andrei Theodor"]
[Black "Patrascu, Catalin  Lucian"]
[Result "1-0"]
[WhiteElo "2163"]
[BlackElo "1908"]
[PlyCount "57"]
[EventDate "2012.09.03"]

1. e4 Nf6 2. e5 Nd5 3. d4 d6 4. c4 Nb6 5. exd6 cxd6 6. Nc3 g6 7. Be3 Bg7 8. Rc1
O-O 9. b3 Nc6 10. d5 Ne5 11. Be2 h5 12. h3 a5 13. f4 Ned7 14. Nf3 Nc5 15. O-O
Re8 16. Nd4 e5 17. dxe6 Bxe6 18. Nxe6 Rxe6 19. Bd4 Bxd4+ 20. Qxd4 Qh4 21. Bf3
Rae8 22. Nb5 Nc8 23. Nc7 Re4 24. Bxe4 Rxe4 25. Qd2 Qe7 26. Nd5 Qe6 27. f5 gxf5
28. Qg5+ Kf8 29. Qxf5 1-0

[Event "CNJ Echipe  2012 - O14"]
[Site "Constanta-Mamaia"]
[Date "2012.09.04"]
[Round "2.3"]
[White "Patrascu, Catalin  Lucian"]
[Black "Mihaly, Zsolt"]
[Result "1-0"]
[WhiteElo "1908"]
[BlackElo "1653"]
[PlyCount "71"]
[EventDate "2012.09.03"]

1. e4 c5 2. Nc3 e6 3. f4 Nc6 4. Bc4 a6 5. a4 Be7 6. Nf3 d6 7. O-O Nf6 8. d3 d5
9. Ba2 O-O 10. Qe1 Nb4 11. Qe2 d4 12. Nd1 Nxa2 13. Rxa2 Bd7 14. c3 dxc3 15.
bxc3 Rc8 16. a5 b5 17. axb6 Qxb6 18. Nf2 Bc6 19. Be3 Rfd8 20. Ne5 Bb7 21. Nc4
Qc7 22. Rb1 Rb8 23. Rab2 Bc6 24. Ne5 Rxb2 25. Qxb2 Nd7 26. Nxd7 Bxd7 27. Ng4 f6
28. Qa2 Be8 29. Qc4 Bd6 30. g3 Kf7 31. Rf1 h5 32. Ne5+ Bxe5 33. fxe5 Bd7 34.
exf6 gxf6 35. Bg5 Qe5 36. Bf4 1-0

[Event "CNJ Echipe  2012 - O14"]
[Site "Constanta-Mamaia"]
[Date "2012.09.04"]
[Round "3.2"]
[White "Geiger, Alex-Emanuel"]
[Black "Patrascu, Catalin  Lucian"]
[Result "1/2-1/2"]
[WhiteElo "1939"]
[BlackElo "1908"]
[PlyCount "32"]
[EventDate "2012.09.03"]

1. e4 d6 2. d4 Nf6 3. Nc3 e5 4. Nge2 Nbd7 5. f3 c6 6. Be3 b5 7. Qd2 Qa5 8. g4
g6 9. h4 h5 10. g5 Ng8 11. f4 Ne7 12. Bh3 Nb6 13. b3 Bxh3 14. Rxh3 Bg7 15. Kf2
Rd8 16. Qe1 exf4 1/2-1/2

[Event "CNJ Echipe 2012 - O14"]
[Site "Constanta-Mamaia"]
[Date "2012.09.05"]
[Round "4.3"]
[White "Patrascu, Catalin  Lucian"]
[Black "Puscasu, Gabriel"]
[Result "1-0"]
[WhiteElo "1908"]
[BlackElo "1744"]
[PlyCount "27"]
[EventDate "2012.09.03"]

1. e4 e5 2. f4 exf4 3. Nf3 g5 4. Bc4 g4 5. O-O gxf3 6. Qxf3 Qg5 7. d4 Bh6 8.
Nc3 c6 9. e5 Ne7 10. Ne4 Qg7 11. Nd6+ Kd8 12. Nxf7+ Ke8 13. Nxh8 b5 14. Qh5+
1-0

[Event "CNJ Echipe 2012 - O14"]
[Site "Constanta-Mamaia"]
[Date "2012.09.06"]
[Round "5.1"]
[White "Patrascu, Catalin  Lucian"]
[Black "Tiron, Lucian Ilie"]
[Result "0-1"]
[WhiteElo "1908"]
[BlackElo "1896"]
[PlyCount "76"]
[EventDate "2012.09.03"]

1. d4 Nf6 2. Nf3 e6 3. e3 b6 4. Bd3 Bb7 5. O-O d6 6. b3 Nbd7 7. Bb2 Be7 8. Nbd2
c5 9. Qe2 O-O 10. e4 Qc7 11. a3 e5 12. dxe5 dxe5 13. Nc4 Bd6 14. Nh4 Rfe8 15.
Nxd6 Qxd6 16. Nf5 Qc7 17. f3 Nf8 18. f4 Ng6 19. Rf3 Nxe4 20. Bxe4 exf4 21. Rh3
Bxe4 22. Nxg7 Re5 23. Rh5 Re7 24. Bf6 Rd8 25. Bxe7 Qxe7 26. Re1 Bxc2 27. Qf2
Qf6 28. Qxc2 Kxg7 29. Rf5 Qd4+ 30. Kh1 Rd6 31. h3 h6 32. Qe2 Qc3 33. h4 Qg3 34.
h5 Nf8 35. Qe5+ Kg8 36. Rxf4 Re6 37. Rg4+ Qxg4 38. Qc3 Qh4+ 0-1

[Event "CNJ Echipe 2012 - O14"]
[Site "Constanta-Mamaia"]
[Date "2012.09.07"]
[Round "7.3"]
[White "Barbul, Ionel"]
[Black "Patrascu, Catalin  Lucian"]
[Result "0-1"]
[WhiteElo "1773"]
[BlackElo "1908"]
[PlyCount "68"]
[EventDate "2012.09.03"]

1. d4 Nf6 2. c4 Nc6 3. Nc3 e5 4. d5 Ne7 5. e4 Ng6 6. Bd3 Bc5 7. a3 a5 8. Bg5 d6
9. Qd2 h6 10. Be3 Bxe3 11. Qxe3 Ng4 12. Qd2 O-O 13. Nge2 Nh4 14. h3 Nf6 15.
O-O-O Nd7 16. g3 Nc5 17. Qe3 Ng6 18. f4 f5 19. Rdg1 Nxd3+ 20. Qxd3 Qe7 21. Qf3
fxe4 22. Qxe4 Bf5 23. Qf3 Bd7 24. Qh5 Kh7 25. Re1 Rae8 26. Kd1 Qf6 27. Rhf1
exf4 28. Nxf4 Qd4+ 29. Kc2 Nxf4 30. Rxf4 Rxf4 31. gxf4 Rxe1 32. f5 Qf2+ 33. Kb3
Bxf5 34. Ka4 Bg6 0-1

[Event "CN Juniori 2012 B14"]
[Site "Calimanesti-Caciulata"]
[Date "2012.04.03"]
[Round "2.8"]
[White "Patrascu, Catalin  Lucian"]
[Black "Mihaly, Zsolt"]
[Result "1/2-1/2"]
[WhiteElo "1829"]
[BlackElo "1630"]
[PlyCount "54"]
[EventDate "2012.??.??"]

1. e4 e5 2. Nf3 Nc6 3. Nc3 Nf6 4. a3 d6 5. h3 Be7 6. d4 exd4 7. Nxd4 Nxd4 8.
Qxd4 O-O 9. Be2 Be6 10. O-O Nd7 11. Nd5 Bxd5 12. Qxd5 c6 13. Qf5 Ne5 14. Qf4
Qc7 15. Qg3 f5 16. f4 Ng6 17. Bc4+ Kh8 18. exf5 Rxf5 19. Be3 d5 20. Bd3 Rf6 21.
Rf3 Bd6 22. Bxg6 Rxg6 23. Qh4 Re8 24. Kh1 Re4 25. c3 b6 26. Qf2 h6 27. Rd1 Qe7
$11 1/2-1/2

[Event "CN Juniori 2012 B14"]
[Site "Calimanesti-Caciulata"]
[Date "2012.04.03"]
[Round "3.7"]
[White "Cotarlan, Codrin"]
[Black "Patrascu, Catalin  Lucian"]
[Result "0-1"]
[WhiteElo "1652"]
[BlackElo "1829"]
[Annotator ",5nte3"]
[PlyCount "64"]
[EventDate "2012.??.??"]

1. e4 c5 2. Nf3 e6 3. d4 cxd4 4. Nxd4 Nc6 5. Be3 Qc7 6. Nc3 Nf6 7. Be2 Bb4 8.
Ndb5 Qb8 9. a3 Be7 10. f4 a6 11. Nd4 d6 12. O-O O-O 13. Nf3 Ng4 14. Qd2 Nxe3
15. Qxe3 b5 16. Na2 Bb7 17. Nb4 Re8 18. c3 Na5 19. Nd2 $11 d5 20. Nf3 dxe4 21.
Nd4 Bc5 22. Qg3 Rd8 23. Nbc2 Nb3 24. Rad1 Qa7 25. Kh1 Nxd4 26. cxd4 Bxd4 27.
Nxd4 Rxd4 28. Qc3 Rad8 29. Rxd4 Qxd4 30. Rd1 Qxd1+ 31. Bxd1 Rxd1+ 32. Qe1 Rxe1#
0-1

[Event "CN Juniori 2012 B14"]
[Site "Calimanesti-Caciulata"]
[Date "2012.04.05"]
[Round "5.9"]
[White "Patrascu, Catalin  Lucian"]
[Black "Matis, Robert-Florin"]
[Result "0-1"]
[WhiteElo "1829"]
[BlackElo "1539"]
[PlyCount "98"]
[EventDate "2012.??.??"]

1. e4 d6 2. d4 g6 3. Nc3 Bg7 4. f4 a6 5. Nf3 b5 6. a4 b4 7. Na2 Bb7 8. Bd3 c5
9. Be3 Nd7 10. c3 bxc3 11. Nxc3 Ngf6 12. O-O Ng4 13. Qe2 Nxe3 14. Qxe3 cxd4 15.
Nxd4 Nc5 16. Bc2 Qb6 17. Nb3 Nxa4 18. Qxb6 Nxb6 19. Na5 Bc8 20. Ra3 O-O 21. Rb3
Be6 22. Rb4 Rfc8 23. Rc1 Nc4 24. Nxc4 Bxc4 25. Ra1 Rab8 26. Raa4 Rxb4 27. Rxb4
Bd4+ 28. Kh1 Bxc3 29. bxc3 Bb5 30. Kg1 Rxc3 31. Ba4 Rc4 32. Rxc4 Bxc4 33. Kf2
Kf8 34. Ke3 e5 35. g3 Ke7 36. Kd2 f5 37. exf5 gxf5 38. fxe5 dxe5 39. Kc3 Bb5
40. Bc2 e4 41. Kd4 Kd6 42. Bb3 a5 43. Bg8 h6 44. Bh7 Bd7 45. g4 fxg4 46. Bxe4
a4 47. Bd5 a3 48. Bb3 Be6 49. Kc3 a2 0-1

[Event "CN Juniori 2012 B14"]
[Site "Calimanesti-Caciulata"]
[Date "2012.04.05"]
[Round "6.13"]
[White "Patrascu, Catalin  Lucian"]
[Black "Hincu, Andrei"]
[Result "1-0"]
[WhiteElo "1829"]
[BlackElo "1584"]
[PlyCount "95"]
[EventDate "2012.??.??"]

1. e4 c5 2. Nf3 Nc6 3. d4 cxd4 4. Nxd4 g6 5. c4 Bg7 6. Be3 Nf6 7. Nc3 d6 8. Be2
Bd7 9. O-O O-O 10. f4 Qb6 11. Qd3 Qd8 12. Rfc1 Bg4 13. Bf1 a6 14. Nd5 e5 15.
Ne2 Nxd5 16. cxd5 Ne7 17. Qb3 Bxe2 18. Bxe2 exf4 19. Bxf4 Re8 20. Be3 b5 21.
Bg4 h5 22. Bh3 Nc8 23. Qc2 Ne7 24. Qf2 f5 25. Bb6 Qb8 26. Re1 Bxb2 27. Rad1 Be5
28. exf5 Rf8 29. Rxe5 dxe5 30. Bc5 Nxf5 31. Bxf8 Qxf8 32. Qb6 Qf7 33. Rc1 Qa7
34. Rc8+ Rxc8 35. Qxa7 Rc1+ 36. Kf2 Rc2+ 37. Ke1 Nd4 38. Qb8+ Kh7 39. Qxe5 Rc4
40. d6 Nc6 41. Qe6 Rc1+ 42. Kd2 Rc4 43. Qf7+ Kh6 44. Qf8+ Kg5 45. Bd7 Ne5 46.
Qe7+ Kf4 47. Qh4+ Ng4 48. Bxg4 1-0

[Event "CN Juniori 2012 B14"]
[Site "Calimanesti-Caciulata"]
[Date "2012.04.06"]
[Round "7.9"]
[White "Oprita, George"]
[Black "Patrascu, Catalin  Lucian"]
[Result "0-1"]
[WhiteElo "1696"]
[BlackElo "1829"]
[PlyCount "112"]
[EventDate "2012.??.??"]

1. d4 Nf6 2. c4 e6 3. Nc3 Bb4 4. Qc2 O-O 5. a3 Bxc3+ 6. Qxc3 d6 7. Qc2 Nc6 8.
Nf3 a5 9. Bg5 h6 10. Bxf6 Qxf6 11. e3 e5 12. d5 Nb8 13. Bd3 Nd7 14. Bf5 Nc5 15.
Bxc8 Rfxc8 16. O-O a4 17. Nd2 Ra6 18. b4 axb3 19. Nxb3 Nxb3 20. Qxb3 b6 21. Ra2
Rca8 22. h3 Ra4 23. Rc1 Qd8 24. Rc3 Qc8 25. e4 Qa6 26. Qb5 Qa5 27. Qxa5 R8xa5
28. f3 Kf8 29. Kh2 Rc5 30. Rac2 Ke7 31. Kg3 Kf6 32. f4 g6 33. Kf3 Ra8 34. g4 h5
35. fxe5+ Kxe5 36. Ke3 hxg4 37. hxg4 Rh8 38. Rf2 Rh3+ 39. Kd2 Rxc3 40. Kxc3
Kxe4 41. a4 f5 42. gxf5 gxf5 43. Rd2 Ra5 44. Kb4 Ke3 45. Rh2 f4 46. Rh7 Ra7 47.
Re7+ Kf2 48. Kb3 f3 49. Rf7 Ke2 50. Re7+ Kf1 51. Rf7 f2 52. Rf8 c6 53. dxc6 Rc7
54. Kb4 Rxc6 55. Kb5 Rc5+ 56. Kxb6 Ke2 0-1

[Event "CN Juniori 2012 B14"]
[Site "Calimanesti-Caciulata"]
[Date "2012.04.07"]
[Round "8.6"]
[White "Patrascu, Catalin  Lucian"]
[Black "Salim, Riza"]
[Result "1/2-1/2"]
[WhiteElo "1829"]
[BlackElo "1895"]
[PlyCount "49"]
[EventDate "2012.??.??"]

1. e4 c5 2. Nf3 Nc6 3. d4 cxd4 4. Nxd4 g6 5. Nc3 Bg7 6. Be3 Nf6 7. Bc4 O-O 8.
Bb3 d6 9. f3 Bd7 10. Qd2 Nxd4 11. Bxd4 b5 12. a4 b4 13. Nd5 Nxd5 14. Bxg7 Kxg7
15. Qxd5 Qb6 16. O-O-O Rac8 17. Qd4+ Qxd4 18. Rxd4 a5 19. e5 d5 20. Rxd5 Be6
21. Rd3 Bxb3 22. Rxb3 Rc5 23. Re1 Rfc8 24. Re2 Rd5 25. Rbe3 $11 1/2-1/2

[Event "CN Juniori 2012 B14"]
[Site "Calimanesti-Caciulata"]
[Date "2012.04.08"]
[Round "9.6"]
[White "Tiron, Calin-Andrei"]
[Black "Patrascu, Catalin  Lucian"]
[Result "1/2-1/2"]
[WhiteElo "1869"]
[BlackElo "1829"]
[PlyCount "77"]
[EventDate "2012.??.??"]

1. e4 c5 2. Nc3 a6 3. g4 Nc6 4. Bg2 e6 5. d3 Be7 6. Nge2 d6 7. O-O h5 8. gxh5
Rxh5 9. Ng3 Rh7 10. f4 Nf6 11. a3 Qc7 12. Bd2 Bd7 13. Rb1 O-O-O 14. Na2 Rdh8
15. h3 Nh5 16. Nxh5 Rxh5 17. b4 d5 18. c4 dxc4 19. dxc4 e5 20. f5 g6 21. b5
axb5 22. cxb5 Nd4 23. Nc3 Bg5 24. Nd5 Qd6 25. Ba5 Bxb5 26. Bc7 Qa6 27. Bxe5 Be2
28. Qe1 Bxf1 29. Qxf1 Qxf1+ 30. Kxf1 Bd8 31. Rc1 Kd7 32. Rxc5 Nb3 33. Rb5 Nd2+
34. Ke2 Re8 35. Nf4 Kc6 36. a4 Rxe5 37. Rxe5 Bc7 38. Nxh5 Bxe5 39. Kxd2 1/2-1/2

[Event "CNJ Echipe - O14"]
[Site "?"]
[Date "2012.09.06"]
[Round "?"]
[White "Miroi, Robert Andrei"]
[Black "Patrascu, Catalin  Lucian"]
[Result "1/2-1/2"]
[WhiteElo "1795"]
[BlackElo "1908"]
[PlyCount "83"]
[EventDate "2012.??.??"]

1. e4 Nf6 2. e5 Nd5 3. c4 Nb6 4. d4 d6 5. exd6 cxd6 6. Nc3 g6 7. b3 Bg7 8. Bb2
O-O 9. Nf3 Bg4 10. Be2 e6 11. h3 Bxf3 12. Bxf3 Nc6 13. Ne2 d5 14. c5 Nc8 15.
O-O N8e7 16. Ng3 Nf5 17. Nxf5 gxf5 18. Qd2 Qh4 19. Rad1 Bh6 20. Qc3 Kh8 21. Kh2
Bf4+ 22. g3 Bc7 23. b4 Rg8 24. Bg2 a6 25. f4 Qf6 26. a4 Ne7 27. b5 axb5 28.
axb5 Rac8 29. Qb3 Rg7 30. b6 Bb8 31. Rf3 Rcg8 32. Bc1 h5 33. h4 Rg4 34. Bh3
R4g7 35. Qd3 Rg6 36. Rg1 R8g7 37. Rg2 Ng8 38. Bd2 Qe7 39. Re2 Qd7 40. Qb3 Nf6
41. Bg2 Ne4 42. Be1 1/2-1/2

[Event "CN Seniori 2011"]
[Site "Sarata Monteoru"]
[Date "2011.02.12"]
[Round "1.33"]
[White "Patrascu, Catalin  Lucian"]
[Black "Baciu, Stefan"]
[Result "0-1"]
[WhiteElo "1821"]
[BlackElo "2236"]
[PlyCount "58"]
[EventDate "2011.02.12"]

1. e4 d6 2. d4 Nf6 3. Nc3 g6 4. f3 c6 5. Be3 b5 6. a3 a6 7. Bd3 Nbd7 8. Qd2 Qc7
9. g4 Nb6 10. Nge2 h5 11. e5 dxe5 12. dxe5 Nfd5 13. gxh5 Nxe3 14. Qxe3 Rxh5 15.
f4 Be6 16. Ng3 Rh4 17. Qf2 Nd5 18. Nxd5 Bxd5 19. Be4 g5 20. Bxd5 cxd5 21. c3
Rxf4 22. Qe3 O-O-O 23. O-O-O e6 24. Rhe1 Bc5 25. Qd2 Rh8 26. Rf1 Qxe5 27. Rde1
Rxf1 28. Nxf1 Qf4 29. Re2 Qxf1+ 0-1

[Event "CN Seniori 2011"]
[Site "Sarata Monteoru"]
[Date "2011.02.13"]
[Round "2.39"]
[White "Popescu, Stefan-Claudiu"]
[Black "Patrascu, Catalin  Lucian"]
[Result "1-0"]
[WhiteElo "1988"]
[BlackElo "1821"]
[PlyCount "71"]
[EventDate "2011.02.12"]

1. e4 c5 2. Nf3 g6 3. d4 cxd4 4. Nxd4 Nc6 5. Be3 Bg7 6. Nc3 Nf6 7. f3 O-O 8.
Qd2 d6 9. O-O-O Bd7 10. g4 a6 11. h4 Rc8 12. h5 Qa5 13. Nb3 Qc7 14. Bh6 Ne5 15.
Bxg7 Kxg7 16. Be2 Rh8 17. Nd5 Nxd5 18. exd5 Qb6 19. Nd4 Bb5 20. Qe3 Qc7 21. f4
Bxe2 22. Qxe2 Nc4 23. f5 Ne5 24. fxg6 hxg6 25. hxg6 Nxg6 26. Nf5+ Kg8 27. Rxh8+
Kxh8 28. c3 Kg8 29. Rf1 Kf8 30. Nh6 Ne5 31. Nxf7 Nxf7 32. Qe6 Ke8 33. Qxf7+ Kd8
34. Qe6 Ke8 35. Rh1 Kf8 36. Rh7 1-0

[Event "CN Seniori 2011"]
[Site "Sarata Monteoru"]
[Date "2011.02.14"]
[Round "4.47"]
[White "Dan, Cristian-Mihaita"]
[Black "Patrascu, Catalin  Lucian"]
[Result "1-0"]
[WhiteElo "1983"]
[BlackElo "1821"]
[PlyCount "149"]
[EventDate "2011.02.12"]

1. e4 c5 2. Nf3 g6 3. g3 Nc6 4. Bg2 Bg7 5. O-O Nf6 6. Nc3 O-O 7. d4 cxd4 8.
Nxd4 d6 9. h3 Bd7 10. Be3 a6 11. Kh2 Rc8 12. Qd2 Ne5 13. b3 Qa5 14. Nce2 Qxd2
15. Bxd2 Nc6 16. c3 Nxd4 17. Nxd4 Ne8 18. Rac1 Nc7 19. Bg5 Rfe8 20. Rfd1 Nb5
21. Nxb5 Bxb5 22. c4 Bc6 23. Be3 b5 24. c5 dxc5 25. Rxc5 Bb7 26. Rd7 Rxc5 27.
Bxc5 Bc8 28. Rxe7 Rxe7 29. Bxe7 Bf8 30. Bd8 Bb4 31. f4 a5 32. Bf1 Bd7 33. Bd3
Bc3 34. Kg2 Kf8 35. Kf3 Ke8 36. Bb6 Ke7 37. Bc5+ Ke6 38. g4 Bc6 39. Ke3 Kd7 40.
Be2 Kc7 41. Bd4 Bb4 42. Kd3 Kd7 43. Be5 Be1 44. Bf3 f5 45. Ke3 fxe4 46. Bxe4
Bd2+ 47. Kd3 Bxe4+ 48. Kxe4 Ke6 49. f5+ Ke7 50. Kd5 a4 51. Kc6 axb3 52. axb3 b4
53. h4 Bc3 54. Kd5 Bd2 55. Bd4 Bc3 56. Kc4 Be1 57. Bc5+ Kf6 58. Bxb4 Bxh4 59.
Bc3+ Kg5 60. f6 Kh6 61. f7 Be7 62. Bb4 Bxb4 63. Kxb4 Kg7 64. g5 Kxf7 65. Kc5
Ke6 66. b4 Kf5 67. b5 Kxg5 68. b6 h5 69. b7 h4 70. b8=Q Kh5 71. Kd5 g5 72. Ke4
h3 73. Qg3 g4 74. Kf4 Kh6 75. Qxg4 1-0